000 00208nam a22001097a 4500
100 _aChanakya
245 _aChanakya Niti
250 _a2014
260 _bRojgar Prakashan
300 _a336
942 _2ddc
_cBK
999 _c11747
_d11747